000 01152nam a2200253 a 4500
001 48592
003 BD-RjUL
005 20211209054542.0
008 160814s1990 bg ||||| b||| 00| 0 ben d
020 _c: Tk. 175.00
035 _a(BD-RjUL)48711
040 _aBD-RjUL
_bben
_cBD-RjUL
041 _aben
082 _223
_a658.8
_bTAB 1990
100 _aতালুকদার, আসগর আলী
_9119325
245 1 0 _aবাজারজাতকরন :
_bনীতি ও পদ্ধতি /
_cআসগর আলী তালুকদার, মুহাম্মদ ইউনুস আলী
260 _aরাজশাহী :
_bরাজশাহী বিশ্ববিদ্যালয় পাঠ্যপুস্তক প্রকাশালয়,
_c১৯৯০
300 _a৩৯৮ পৃ. ;
_c১৯ সেমি
505 _aগ্রন্থপঞ্জি, পাদটীকা ও পরিভাষা সংযুক্ত
650 _aবাজারজাতকরন
_9146799
650 _aMarketing
_9146800
700 _aআলী, মুহাম্মদ ইউনুস
_9119328
942 _2ddc
_cBK
999 _c48592
_d48592